Excel 5 Toàn tập trong Windows

Guardado en:
Detalles Bibliográficos
Autor principal: Nguyễn Cẩn
Formato: Libro
Lenguaje:Undetermined
Publicado: Hà Nội Thống Kê 1997
Materias:
Etiquetas: Agregar Etiqueta
Sin Etiquetas, Sea el primero en etiquetar este registro!
Thư viện lưu trữ: Trung tâm Học liệu Trường Đại học Cần Thơ
LEADER 00494nam a2200169Ia 4500
001 CTU_21963
008 210402s9999 xx 000 0 und d
082 |a 005.3 
082 |b C121 
100 |a Nguyễn Cẩn 
245 0 |a Excel 5 Toàn tập trong Windows 
245 0 |c Nguyễn Cẩn, Tạ Văn Hùng 
260 |a Hà Nội 
260 |b Thống Kê 
260 |c 1997 
650 |a excel ( computer programs ) 
980 |a Trung tâm Học liệu Trường Đại học Cần Thơ